I Like folkienese / (Record no. 104791)
[ view plain ]
| 000 -LEADER | |
|---|---|
| fixed length control field | 00349nam a2200145 a 4500 |
| 005 - DATE AND TIME OF LATEST TRANSACTION | |
| control field | 20140412111328.0 |
| 008 - FIXED-LENGTH DATA ELEMENTS--GENERAL INFORMATION | |
| fixed length control field | 110120s19uu xx 00 eng d |
| 020 ## - INTERNATIONAL STANDARD BOOK NUMBER | |
| International Standard Book Number | 971-91249-2-x |
| 050 ## - LIBRARY OF CONGRESS CALL NUMBER | |
| Classification number | M 428 |
| Item number | D98 1993 |
| 100 ## - MAIN ENTRY--PERSONAL NAME | |
| Personal name | Dy, Joy |
| 245 ## - TITLE STATEMENT | |
| Title | I Like folkienese / |
| Statement of responsibility, etc | Joy Dy. |
| 260 ## - PUBLICATION, DISTRIBUTION, ETC. (IMPRINT) | |
| Place of publication, distribution, etc | Philippines, |
| Date of publication, distribution, etc | 1993. |
| 300 ## - PHYSICAL DESCRIPTION | |
| Extent | 50p. |
| Withdrawn status | Lost status | Damaged status | Home library | Current library | Shelving location | Date acquired | Source of acquisition | Total Checkouts | Full call number | Barcode | Date last seen | Price effective from | Koha item type |
|---|---|---|---|---|---|---|---|---|---|---|---|---|---|
| Elizalde Library | Elizalde Library | Main Section | 01/20/2011 | M 428 D98 1993 | E8653 | 04/12/2014 | 04/12/2014 | Books |